000 00316nam a22001337a 4500
008 250318b |||||||| |||| 00| 0 eng d
020 _a0521273978
050 _aHD2326
_b.I53
100 _aNIL
245 _aIndustry and Money
260 _aCambridge
_bCambridge University Press
_cNIL
300 _a31p.
942 _cBK
999 _c2402
_d2402